Normale Ansicht MARC-Ansicht ISBD

Die wirtschaftlichen Möglichkeiten der Sowjetunion (Titelsatznr. 39907)

[ MARC ]
MARC-Details
000 -Satzkennung
Kontrollfeld mit fester Länge 00463nam a22001811c 4500
001 - Kontrollnummer
Kontrollfeld a987677963
008 - Feld mit fester Länge zur physischen Beschreibung - Allgemeine Angaben
Kontrollfeld mit fester Länge 161114s1940 gw |||| 000u ger d
041 ## - Sprachcode
Sprachcode des Textes/der Tonspur oder des separaten Titels ger
040 ## - Katalogisierungsquelle
Übertragungsstelle RU-10907106
003 - Kontrollnummer Identifier
Kontrollfeld RU-10907106
245 04 - Titel
Titel Die wirtschaftlichen Möglichkeiten der Sowjetunion
264 ## - Produktion, Veröffentlichung, Distribution, Herstellung und Urheberrechtsvermerk
Herstellungs-, Veröffentlichungs- Vertriebs-, Erzeugungsort Berlin :
Produzent, Herausgeber, Distributor, Hersteller Stollberg,
Datum der Herstellung, der Veröffentlichung, des Vertriebs oder des Urheberschutzvermerks [1940]
300 ## - Physische Beschreibung
Umfang 114 S. : Kt.
490 #4 - Gesamttitelangabe
Gesamttitelangabe Die Bücherei des Ostraumes
650 #0 - Nebeneintragung unter einem Schlagwort - Sachschlagwort
Sachschlagwort oder geografischer Name als Eintragungselement Sowjetunion
650 #0 - Nebeneintragung unter einem Schlagwort - Sachschlagwort
Sachschlagwort oder geografischer Name als Eintragungselement Wirtschaft
942 ## - Zusätzliche Felder (Koha)
Koha-Medientyp Monographien
Exemplare
Ausgeschieden Verloren Klassifikation oder Aufstellungssystematik Beschädigt Nicht entleihbar Heimatbibliothek Aufenthaltsbibliothek Aufstellungsort Erwerbungsdatum Inventarnummer Signatur Barcode Letzte Aktivität Preis gültig von Koha-Medientyp
    Andere/Generische Klassifikation     MWN Osteuropa MWN Osteuropa Magazin - 2 14/11/2016 16-03988 R 62 q BOstR E0040150790BF0CF 23/02/2021 22/03/2021 Monographien